Practical business english /

Guardado en:
Detalles Bibliográficos
Autores principales: Vawdrey, Colleen (Autor), Stoddard, Ted D (Autor), Bell, R.DerMont (Autor)
Formato: Libro
Lenguaje:inglés
Publicado: Homewood : IRWIN, 1993
Edición:1.vyd.
Materias:
Etiquetas: Agregar Etiqueta
Sin Etiquetas, Sea el primero en etiquetar este registro!

MARC

LEADER 00000nam a22000003a 4500
001 stu8174
005 20150617225806.1
008 951026s1993----xxu-----------------eng-d
020 |a 0-256-10274-0 
040 |a STU  |b slo 
041 0 |a eng 
044 |a xxu 
080 |a 802.0 
080 |a 658 
100 1 |a Vawdrey, Colleen  |4 aut 
245 1 |a Practical business english /  |c [aut.] Vawdrey,Colleen; Stoddard,Ted D.; Bell,R.DerMont 
250 |a 1.vyd. 
260 |a Homewood :  |b IRWIN,  |c 1993 
300 |a 625 s 
650 7 |a angličtina  |2 stusub 
700 1 |a Stoddard, Ted D  |4 aut 
700 1 |a Bell, R.DerMont  |4 aut 
996 |b E80164  |c R*80164  |l RRUM  |s A  |a 24  |w stu8174_0001 
996 |b E80624  |c E*80624  |l EE18  |s P  |a 0  |w stu8174_0002 
996 |b E80196  |c E*80196  |l EE05  |s P  |a 0  |w stu8174_0003